00230 a2200097 4500000002500000020001800025100001500043245005200058260001400110264000800124 nam a22 7a 4500 a9781138072275 aAgah,Arvin aMedical Applications of Artificial Intelligence bCRCc2014 bCRC